000 00323nam a22001217a 4500
008 180505b xxu||||| |||| 00| 0 eng d
041 _aeng
080 _a043.3
100 _a0
101 _aMBE-BA
245 _aZbatimi i Sistemeve te Menaxhimit ne Ndermarrjet e vogla dhe te mesme ne Kosove
_cVokshi, Sh
942 _2udc
_cBK
999 _c45688
_d45688